<?xml version="1.0" encoding="UTF-8"?>
<record
    xmlns:xsi="http://www.w3.org/2001/XMLSchema-instance"
    xsi:schemaLocation="http://www.loc.gov/MARC21/slim http://www.loc.gov/standards/marcxml/schema/MARC21slim.xsd"
    xmlns="http://www.loc.gov/MARC21/slim">

  <leader>01673nam a2200325 a 4500</leader>
  <controlfield tag="001">BRCA_8563</controlfield>
  <controlfield tag="005">20190320210330.0</controlfield>
  <controlfield tag="008">180816s1672----gw-#######---#000-0#lat-#</controlfield>
  <datafield tag="041" ind1=" " ind2=" ">
    <subfield code="a">lat</subfield>
  </datafield>
  <datafield tag="044" ind1=" " ind2=" ">
    <subfield code="a">gw</subfield>
  </datafield>
  <datafield tag="050" ind1=" " ind2="4">
    <subfield code="a">BV5070</subfield>
    <subfield code="b">.K574</subfield>
    <subfield code="c">1672</subfield>
  </datafield>
  <datafield tag="100" ind1="1" ind2=" ">
    <subfield code="a">Kiselio, Philippo</subfield>
    <subfield code="9">21447</subfield>
  </datafield>
  <datafield tag="245" ind1="1" ind2="0">
    <subfield code="a">Nili mystici ex paradiso voluptatis, verbi divini, septemplici alveo defluentis, et totidem effusionibus pretiosi sanguinis D.N jesu christi sacri alveus sextus, annus sextus concionum in omnes Dominicas &amp; festa per Annum, additis duodecim Rosis sive Exhortationibus ad Sodales congregationis christi in cruce agonizantis, cum indicibus necessariis</subfield>
    <subfield code="c">Philippo Kiselio.</subfield>
  </datafield>
  <datafield tag="260" ind1=" " ind2=" ">
    <subfield code="a">Bambergae</subfield>
    <subfield code="b">Joannis Arnorldi Choli</subfield>
    <subfield code="c">1672</subfield>
  </datafield>
  <datafield tag="300" ind1=" " ind2=" ">
    <subfield code="a">1 vol. (con varias paginaciones)</subfield>
    <subfield code="c">21 cm</subfield>
  </datafield>
  <datafield tag="500" ind1=" " ind2=" ">
    <subfield code="a">Fondo antiguo</subfield>
  </datafield>
  <datafield tag="500" ind1=" " ind2=" ">
    <subfield code="a">Se encuentra en Caja Fuerte</subfield>
  </datafield>
  <datafield tag="500" ind1=" " ind2=" ">
    <subfield code="a">W-47</subfield>
  </datafield>
  <datafield tag="500" ind1=" " ind2=" ">
    <subfield code="a">Grabado de Cristo cruficiado en la anteportada</subfield>
  </datafield>
  <datafield tag="500" ind1=" " ind2=" ">
    <subfield code="a">En portada: Cum Privilegio sacrae casarea ac Regia Majestatis, con firma de la ex biblioteca Monserratensi Pragae in Emaus</subfield>
  </datafield>
  <datafield tag="500" ind1=" " ind2=" ">
    <subfield code="a">Con grabado en dedicatoria al Reverendissimo et celsissimo domino Lothario Friderico, episcopo spirensi S. R. I. principi, archiepiscopatus et electus moguntini coadjutori, prae posito in weissenburg, &amp; udenheim, &amp; c. Domino meo Clementissimo</subfield>
  </datafield>
  <datafield tag="500" ind1=" " ind2=" ">
    <subfield code="a">Incluye &#xED;ndice</subfield>
  </datafield>
  <datafield tag="500" ind1=" " ind2=" ">
    <subfield code="a">Contiene ap&#xE9;ndice</subfield>
  </datafield>
  <datafield tag="500" ind1=" " ind2=" ">
    <subfield code="a">Nota de encuadernaci&#xF3;n: en madera</subfield>
  </datafield>
  <datafield tag="506" ind1="0" ind2=" ">
    <subfield code="a">Fondo reservado: para su consulta es necesario credencial de usuario y carta de motivos</subfield>
  </datafield>
  <datafield tag="650" ind1="1" ind2="4">
    <subfield code="a">Orden jesuita</subfield>
    <subfield code="e">Literatura</subfield>
    <subfield code="9">21448</subfield>
  </datafield>
  <datafield tag="650" ind1="1" ind2="4">
    <subfield code="a">Misticismo</subfield>
    <subfield code="9">17692</subfield>
  </datafield>
  <datafield tag="902" ind1=" " ind2=" ">
    <subfield code="a">LAR</subfield>
  </datafield>
  <datafield tag="942" ind1=" " ind2=" ">
    <subfield code="2">lcc</subfield>
    <subfield code="c">B</subfield>
  </datafield>
  <datafield tag="999" ind1=" " ind2=" ">
    <subfield code="c">8226</subfield>
    <subfield code="d">8226</subfield>
  </datafield>
  <datafield tag="952" ind1=" " ind2=" ">
    <subfield code="0">0</subfield>
    <subfield code="1">0</subfield>
    <subfield code="4">0</subfield>
    <subfield code="7">0</subfield>
    <subfield code="a">BRCA</subfield>
    <subfield code="b">BRCA</subfield>
    <subfield code="d">2016-08-18</subfield>
    <subfield code="i">W-47</subfield>
    <subfield code="l">0</subfield>
    <subfield code="o">BV5070 .K574 1672 (W-47)</subfield>
    <subfield code="p">LAR00067</subfield>
    <subfield code="r">2019-03-22 00:00:00</subfield>
    <subfield code="w">2019-03-22</subfield>
    <subfield code="y">B</subfield>
  </datafield>
</record>
